<?xml version="1.0" encoding="UTF-8"?>
<record
    xmlns:xsi="http://www.w3.org/2001/XMLSchema-instance"
    xsi:schemaLocation="http://www.loc.gov/MARC21/slim http://www.loc.gov/standards/marcxml/schema/MARC21slim.xsd"
    xmlns="http://www.loc.gov/MARC21/slim">

  <leader>03892nam a22002537a 4500</leader>
  <datafield tag="999" ind1=" " ind2=" ">
    <subfield code="c">43969</subfield>
    <subfield code="d">43969</subfield>
  </datafield>
  <controlfield tag="003">BI-BuBU</controlfield>
  <controlfield tag="008">210119b2   B          fr|||| 00| 0 fre d</controlfield>
  <datafield tag="037" ind1=" " ind2=" ">
    <subfield code="b">Don</subfield>
  </datafield>
  <datafield tag="039" ind1=" " ind2=" ">
    <subfield code="a">20210119085712.0</subfield>
    <subfield code="b">Fulgence hakizimana</subfield>
  </datafield>
  <datafield tag="040" ind1=" " ind2=" ">
    <subfield code="a">BI-BuBU</subfield>
    <subfield code="b">fre</subfield>
    <subfield code="c">BI-BuBU</subfield>
    <subfield code="d">BI-BuBU</subfield>
  </datafield>
  <datafield tag="080" ind1=" " ind2=" ">
    <subfield code="a">334.6  .</subfield>
  </datafield>
  <datafield tag="100" ind1="1" ind2="0">
    <subfield code="4">aut.</subfield>
    <subfield code="a">Ndayisaba, Vincent</subfield>
    <subfield code="9">69060</subfield>
  </datafield>
  <datafield tag="245" ind1="1" ind2="0">
    <subfield code="a">Analyse de la contribution des organisations &#xE0; base communaitaire &#xE0; l'am&#xE9;lioration des conditions de vie des adh&#xE9;rents</subfield>
    <subfield code="b">cas de la coop&#xE9;rative REMA TWITEZIMBERE en commune de Mutaho</subfield>
    <subfield code="c">Vincent Ndayisaba ; Alexis Ndabarushimana, directeur</subfield>
  </datafield>
  <datafield tag="260" ind1=" " ind2=" ">
    <subfield code="a">Bujumbura</subfield>
    <subfield code="b">Universit&#xE9; du Burundi, Facult&#xE9; des lettres et sciences humaines, Master en socio-Anthropologie</subfield>
    <subfield code="c">2020</subfield>
  </datafield>
  <datafield tag="300" ind1=" " ind2=" ">
    <subfield code="a">XIII-96f.</subfield>
    <subfield code="c">30 Cm.</subfield>
  </datafield>
  <datafield tag="500" ind1=" " ind2=" ">
    <subfield code="a">M&#xE9;moire pr&#xE9;sent&#xE9; et d&#xE9;fendu publiquement en vue de l'obtention du grade de Master en socio-Anthropologie</subfield>
  </datafield>
  <datafield tag="520" ind1=" " ind2=" ">
    <subfield code="a">RESUME

Au Burundi, les organisations coop&#xE9;ratives sont consid&#xE9;r&#xE9;es comme des voies privil&#xE9;gi&#xE9;es
capables de promouvoir le d&#xE9;veloppement d&#x2019;une masse des paysans qui y adh&#xE8;rent. Le
gouvernement incite la population &#xE0; se regrouper dans ces derni&#xE8;res afin de travailler ensemble
dans le but de faire face &#xE0; leurs conditions socio&#xE9;conomiques.
L&#x2019;objectif de cette &#xE9;tude est d&#x2019;analyser les capacit&#xE9;s et les limites de la coop&#xE9;rative REMA
TWITEZIMBERE de la commune MUTAHO &#xE0; r&#xE9;pondre aux pr&#xE9;occupations de ses adh&#xE9;rents
li&#xE9;es &#xE0; l&#x2019;am&#xE9;lioration de leurs conditions de vie. La question principale de recherche est par
cons&#xE9;quent la suivante : -La coop&#xE9;rative REMA TWITEZIMBERE arrive-t-elle ou pas &#xE0;
r&#xE9;pondre aux exigences d&#x2019;accroissement des rendements &#xE0; ses coop&#xE9;rateurs afin d&#x2019;am&#xE9;liorer
leurs conditions de vie ?

Pour r&#xE9;pondre &#xE0; cette question, des hypoth&#xE8;ses ainsi que des objectifs ont &#xE9;t&#xE9; formul&#xE9;s. Ainsi,
une exp&#xE9;rience incluant &#xE0; la fois l&#x2019;usage d&#x2019;un guide d&#x2019;entretien et la distribution d&#x2019;un
questionnaire aux membres de ladite coop&#xE9;rative a &#xE9;t&#xE9; conduite. Les participants ont &#xE9;t&#xE9; r&#xE9;partis
en deux cat&#xE9;gories. Pour le guide d&#x2019;entretien, ce sont surtout un petit nombre des coop&#xE9;rateurs
et des autorit&#xE9;s responsables de l&#x2019;appareil de promotion des coop&#xE9;ratives qui &#xE9;taient appel&#xE9;s &#xE0;
y r&#xE9;pondre. Quant au questionnaire, ce sont les 75 coop&#xE9;rateurs choisis par la technique
d&#x2019;&#xE9;chantillonnage al&#xE9;atoire syst&#xE9;matique qui ont r&#xE9;pondu &#xE0; ce dernier.

Les r&#xE9;sultats issus de l&#x2019;analyse et la discussion des r&#xE9;sultats obtenus nous ont servi d&#x2019;une part
&#xE0; v&#xE9;rifier nos hypoth&#xE8;ses, d&#x2019;autre part &#xE0; atteindre les objectifs de notre recherche ainsi qu&#x2019;&#xE0;
r&#xE9;pondre &#xE0; nos questions de recherche. Ces r&#xE9;sultats montrent que la coop&#xE9;rative REMA
TWITEZIMBERE a contribu&#xE9; &#xE0; l&#x2019;am&#xE9;lioration des conditions de vie de ses adh&#xE9;rents entre
autres la facilitation &#xE0; l&#x2019;obtention du cr&#xE9;dit agricole de la COOPEC, la formation en techniques
agricoles modernes pour augmenter la production, l&#x2019;approvisionnement en intrants agricoles
pour ne citer que ceux-l&#xE0;. N&#xE9;anmoins le chemin reste encore long pour arriver &#xE0; l&#x2019;am&#xE9;lioration
effective des conditions socio&#xE9;conomiques de ses adh&#xE9;rents du fait que ces derniers font
toujours face &#xE0; l&#x2019;insuffisance de la production agricole mais &#xE9;galement &#xE0; de petites superficies
de terres rizi&#xE8;res leur permettant d&#x2019;accro&#xEE;tre le rendement.

Mots cl&#xE9;s : organisation, coop&#xE9;rative, d&#xE9;veloppement, paysans, conditions socio&#xE9;conomiques,
conditions de vie, intrants agricoles, COOPEC</subfield>
  </datafield>
  <datafield tag="650" ind1=" " ind2="7">
    <subfield code="2">BI-BuBU</subfield>
    <subfield code="a">Coop&#xE9;rative REMA TWITEZIMBERE.</subfield>
    <subfield code="x">Adh&#xE9;rent.</subfield>
    <subfield code="x">Condition de vie.</subfield>
    <subfield code="x">Am&#xE9;lioration.</subfield>
    <subfield code="x">Organisation de base.</subfield>
    <subfield code="x">Contribution.</subfield>
  </datafield>
  <datafield tag="655" ind1=" " ind2="7">
    <subfield code="2">BI-BuBU</subfield>
    <subfield code="b">M&#xE9;moire</subfield>
  </datafield>
  <datafield tag="700" ind1="1" ind2=" ">
    <subfield code="4">dir.</subfield>
    <subfield code="a">Ndabarushimana, Alexis</subfield>
  </datafield>
  <datafield tag="710" ind1=" " ind2=" ">
    <subfield code="4">aut.</subfield>
    <subfield code="a">Universit&#xE9; du Burundi</subfield>
    <subfield code="b">Facult&#xE9; des lettres et sciences humaines</subfield>
  </datafield>
  <datafield tag="942" ind1=" " ind2=" ">
    <subfield code="2">udc</subfield>
    <subfield code="c">MEM</subfield>
  </datafield>
  <datafield tag="952" ind1=" " ind2=" ">
    <subfield code="0">0</subfield>
    <subfield code="1">0</subfield>
    <subfield code="2">udc</subfield>
    <subfield code="4">0</subfield>
    <subfield code="7">1</subfield>
    <subfield code="9">69868</subfield>
    <subfield code="a">BC</subfield>
    <subfield code="b">BC</subfield>
    <subfield code="d">2021-01-19</subfield>
    <subfield code="e">Don de l'auteur</subfield>
    <subfield code="l">0</subfield>
    <subfield code="o">R.334.6 NDA.A.</subfield>
    <subfield code="p">5010000713324</subfield>
    <subfield code="r">2021-01-19</subfield>
    <subfield code="t">1</subfield>
    <subfield code="w">2021-01-19</subfield>
    <subfield code="y">MEM</subfield>
    <subfield code="i">238423</subfield>
  </datafield>
</record>
